La gestión de la innovación y la tecnología en las organizaciones
Uloženo v:
| Hlavní autoři: | , , |
|---|---|
| Médium: | Kniha |
| Jazyk: | španělština |
| Vydáno: |
Madrid
Pirámide
2002
|
| Edice: | Economía y Empresa
|
| Témata: | |
| Tagy: |
Přidat tag
Žádné tagy, Buďte první, kdo vytvoří štítek k tomuto záznamu!
|
MARC
| LEADER | 00000nam a2200000 a 4500 | ||
|---|---|---|---|
| 001 | UCL6979 | ||
| 003 | CL-VaPUC | ||
| 008 | 040423e20020000SP |||||||||||||||||spa|d | ||
| 020 | |a 8436817028 | ||
| 082 | 0 | 4 | |a 658.406 |b HID |2 21 |
| 100 | 0 | |a Hidalgo Nuchera, Antonio |e author |9 484665 | |
| 700 | 0 | |a León Serrano, Gonzalo |e author |9 484666 | |
| 700 | 0 | |a Pavón Morote, Julián |e author |9 484667 | |
| 245 | 1 | 3 | |a La gestión de la innovación y la tecnología en las organizaciones |
| 300 | |a 559 p | ||
| 942 | |c BK | ||
| 945 | |d 20040423 00:00:00 |a cmena | ||
| 260 | |a Madrid |b Pirámide |c 2002 | ||
| 650 | 0 | |a Administración de empresas |9 260833 | |
| 650 | 7 | |a INNOVACIONES TECNOLOGICAS |2 CL-VaPUC |9 484668 | |
| 650 | 0 | |a Planificación estratégica |9 259735 | |
| 583 | |a last modification |c 20040423 00:00:00 |k Rodrigo Vera | ||
| 490 | 0 | |a Economía y Empresa | |
| 999 | |c 308852 |d 308850 | ||
| 952 | |0 0 |1 0 |4 0 |6 658_406000000000000_HID_2002 |7 0 |8 CCM |9 375753 |a BIBCUR |b BIBCUR |d 2019-11-21 |i 4001346 |o 658.406 HID 2002 |p 4001346 |r 2025-04-22 |w 2019-11-21 |y BK |k RNT | ||